Ciencias sociales activa 7 : geografía, historia y formación ética y ciudadana /

Guardado en:
Autor Principal: Benzecry, Claudio
Otros Autores: Galante, Andrea, Troncoso, Claudia, Clemente, María Isabel
Formato: Libro
Publicado: Buenos Aires : Puerto de Palos, 2005
Series:Activa
Materias:
Etiquetas: Agregar Etiqueta
Sin Etiquetas, Sea el primero en etiquetar este registro!
LEADER 01382nam a22002895a 4500
001 CEM.cems017131
005 20110524123910.0
008 130507s2005##################000#0#####d
003 CEMS
020 |a 9879273702 
082 0 4 |a 302 
100 1 |a Benzecry, Claudio 
245 1 0 |a Ciencias sociales activa 7 :  |b geografía, historia y formación ética y ciudadana /  |c Claudio Benzecry ... [et Al.] 
260 |a Buenos Aires :  |b Puerto de Palos,  |c 2005 
300 |a 240 p. 
490 0 |a Activa 
505 0 |a Geografía y espacios geográficos -- Localización y representación del espacio -- El suelo y el agua como recursos -- Climas y biomas -- Organización del espacio geográfico -- La población del mundo -- Las actividades económicas -- Del origen del hombre a la recolución neolítica -- El Cercano Oriente -- El mundo griego -- El mudo romano -- La Edad Media -- Las civilizaciones extramediterráneas -- Las personas y la vida en sociedad -- Los grupos y la organización social -- Los derechos de las personas 
653 |a Ciencias sociales 
653 |a Ciencias sociales-7 egb 
653 |a Geografía 
653 |a Historia 
653 |a Formación ética 
653 |a Formación ciudadana 
700 1 |a Galante, Andrea 
700 1 |a Troncoso, Claudia 
700 1 |a Clemente, María Isabel 
859 |a CEMS  |b BIB. CEMS - Agricultura  |h 302  |i B449  |p A0831.08  |t Ej.1  |v 7  |3 7